Sports Quiz

Random Sports or Baseball Quiz

US Cities with Football, Baseball, Hockey, & Basketball Quiz Stats

 Plays Quiz not verified by Sporcle

Support Sporcle.
Go Orange.
Score 0/83 Timer 15:00
0 Plays Today
State % Correct
CaliforniaLos Angeles
87.7%
New YorkNew York
86.5%
ArizonaPhoenix
84.9%
CaliforniaSan Francisco
83.7%
ColoradoDenver
80.6%
GeorgiaAtlanta
79.4%
IllinoisChicago
79.4%
DCWashington
79%
TexasHouston
77%
NevadaLas Vegas
76.2%
CaliforniaOakland
76.2%
PennsylvaniaPhiladelphia
75.8%
OhioCleveland
75.4%
MassachusettsBoston
75%
New YorkBuffalo
74.6%
PennsylvaniaPittsburgh
74.2%
FloridaTampa
73.8%
WashingtonSeattle
72.6%
IndianaIndianapolis
71.8%
FloridaOrlando
71.4%
MichiganDetroit
71.4%
MissouriKansas City
71.4%
OhioColumbus
69.8%
GeorgiaColumbus
69.8%
OklahomaOklahoma City
69.4%
TexasSan Antonio
69.4%
MissouriSaint Louis
68.7%
AlaskaAnchorage
68.3%
State % Correct
CaliforniaSacramento
67.5%
OhioCincinnati
66.7%
TennesseeNashville
66.7%
MinnesotaMinneapolis
65.9%
TexasAustin
65.5%
FloridaJacksonville
65.5%
LouisianaNew Orleans
65.5%
TennesseeMemphis
64.3%
MinnesotaSaint Paul
63.9%
UtahSalt Lake City
63.9%
WisconsinMilwaukee
63.1%
NebraskaOmaha
62.7%
MarylandBaltimore
62.7%
KentuckyLouisville
62.3%
CaliforniaAnaheim
59.9%
WisconsinMadison
59.9%
MainePortland
56.7%
ColoradoColorado Springs
56.3%
IowaDes Moines
56.3%
ArizonaTucson
54%
New MexicoAlbuquerque
54%
TexasFort Worth
52.8%
TexasEl Paso
52%
VirginiaRichmond
50.4%
OklahomaTulsa
50%
New YorkRochester
48%
OhioToledo
47.6%
South CarolinaColumbia
47.2%
State % Correct
ArizonaGlendale
46.4%
GeorgiaAugusta
44.4%
KentuckyLexington
44%
New JerseyTrenton
42.1%
North DakotaFargo
40.1%
WashingtonSpokane
40.1%
WashingtonTacoma
40.1%
CaliforniaFresno
38.5%
KansasWichita
38.1%
IndianaFort Wayne
37.3%
IndianaSouth Bend
36.5%
New HampshireManchester
34.1%
VirginiaNorfolk
32.1%
North CarolinaGreensboro
31.7%
ConnecticutBridgeport
31%
PennsylvaniaErie
29%
AlabamaHuntsville
28.2%
North CarolinaWinston-Salem
23.4%
IndianaEvansville
23%
IllinoisPeoria
22.2%
TexasLaredo
17.5%
South CarolinaGreenville
15.9%
CaliforniaStockton
13.9%
PennsylvaniaReading
13.5%
MaineOrono
12.3%
TexasFrisco
4%
New YorkSyrcause
1.6%

You're not logged in!

Compare scores with friends on all Sporcle quizzes.
OR
Log In

From the Vault

NBA Champs Big Three

by lucray1997

Sadly your intimate knowledge of Space Jam will be of limited use here.
Remove Ads.
Support Sporcle.
Get the best of Sporcle when you Go Orange. This ad-free experience offers more features, more stats, and more fun while also helping to support Sporcle. Thank you for becoming a member.

Show Comments

Extras

Top Quizzes Today


Score Distribution

Your Account Isn't Verified!

In order to create a playlist on Sporcle, you need to verify the email address you used during registration. Go to your Sporcle Settings to finish the process.

Report this User

Report this user for behavior that violates our Community Guidelines.

Details: